| 000 | 00974nam a2200205Ia 4500 | ||
|---|---|---|---|
| 003 | Ost | ||
| 005 | 20260507075050.0 | ||
| 008 | 260507s9999||||xx |||||||||||||| ||und|| | ||
| 020 | _a1281079907 | ||
| 040 | _cfsecg | ||
| 041 | _aara | ||
| 082 | _a900 | ||
| 100 |
_aابراهيم، حقي اسماعيل _eمؤلف |
||
| 245 | 0 |
_aأسواق العرب التجارية في شبه الجزيرة العربية / _c حقي اسماعيل ابراهيم |
|
| 260 |
_aعمان: _bدار الفكر للطباعة والنشر والتوزيع, _c2002 |
||
| 300 |
_a239 صفحة؛ _bإيضاحات ؛ _c25 سم |
||
| 520 | _aطرق المواصلات في شبه الجزيرة العربية- أسواق شبه جزيرة العرب- السلع المتداولة في الأسواق- المعاملات التجارية في الأسواق- الأنشطة الأسواق في مجالات غير التجارية | ||
| 653 | _aأسواق العرب | ||
| 942 | _cكتاب | ||
| 999 |
_c42630 _d42630 |
||